| 000 | 00642nam a22002297a 4500 | ||
|---|---|---|---|
| 003 | 0 | ||
| 005 | 20240816142950.0 | ||
| 008 | 130122t xxu||||| |||| 00| 0 eng d | ||
| 020 | _a1-57356-165-7 | ||
| 050 |
_aT 11 _b.D33 1988 |
||
| 082 |
_aHS 808.0665 _b.D33 1988 |
||
| 100 |
_aDay, Robert A. _d1924- |
||
| 245 |
_aHow to write & publish a scientific paper / _cRobert A. Day |
||
| 250 | _a5th ed. | ||
| 260 |
_aWestport, CT : _bThe Oryx Press, _cc1988. |
||
| 300 |
_axvi, 275 p. ; _c23 cm. |
||
| 504 | _aIncludes bibliographic references and index. | ||
| 562 | _e1 | ||
| 650 | _aTechnical writing. | ||
| 942 |
_2lcc _cBK |
||
| 999 |
_c9961 _d9961 |
||